000
00348nam a2200157Ia 4500
003
0STCL
008
150530s9999 xx 000 0 und d
040
_a
STCL
_c
STCL
100
_a
Scade, J.
245
_a
Cereals
260
_b
Oxford University press
_c
1975
546
_a
English
942
_2
ddc
_c
BK
999
_c
36595
_d
36595
005
20220125170406.0